000 00632nam a2200229 a 4500
999 _c1471
_d1471
003 OSt
005 20190627112206.0
008 130530s2004 dk ||||| |||| 00| 0 eng d
020 _a92 890 1091 6
040 _cBiblioteca Medicina
041 _aeng
082 _aOMS E 82933
100 1 _aDavies, Elizabeth ed.
_92375
245 _aThe solid facts.
_bPalliative Care
250 _a1 ° ed.
260 _aCopenague
_bOrganizacion Mundial de la Salud
_c2004
300 _a32 p.
500 _aBaja Depósito Caja 33 Junio 2019
653 _aCUIDADOS PALIATIVOS
700 1 0 _a Higginson, Irene ed.
_92376
942 _2ddc
_cPH